[Event ""]
[Site "Loire"]
[Date "2019.10.05"]
[Round "3.1"]
[White "Imperiali, Joris"]
[Black "Frey, Thierry"]
[Result "1-0"]
[WhiteElo "2133"]
[BlackElo "1778"]
[EventDate "2019.??.??"]
[PlyCount "81"]

1. e4 c5 2. Nf3 d6 3. d4 cxd4 4. Qxd4 Nc6 5. Bb5 Bd7 6. Bxc6 Bxc6 7. Nc3 
Nf6 8. Bg5 h6 9. Bxf6 gxf6 10. O-O-O e6 11. Qd3 Qa5 12. Kb1 Rg8 13. Nd4 
O-O-O 14. Qc4 Qc5 15. Qxc5 dxc5 16. Nxc6 bxc6 17. g3 h5 18. Rxd8+ Kxd8 19.
 b3 Kc7 20. Na4 Bd6 21. Kb2 Be5+ 22. c3 Bd6 23. Kc2 f5 24. Re1 f4 25. e5 
Be7 26. Re4 fxg3 27. hxg3 Rg6 28. Rf4 f5 29. exf6 Bxf6 30. Nxc5 Be7 31. 
Nd3 Kd6 32. Rd4+ Kc7 33. Ne5 Rf6 34. Rd7+ Kb6 35. Rxe7 Rxf2+ 36. Kd3 Rg2 
37. Kc4 Rxg3 38. Rxe6 h4 39. Rxc6+ Ka5 40. b4+ Ka4 41. Ra6# 1-0

[Event "Championnat de la Loire 2019-2020"]
[Site "Loire"]
[Date "2019.10.05"]
[Round "3.2"]
[White "Guichard, Thomas"]
[Black "Bumba, Ovidiu"]
[Result "0-1"]
[WhiteElo "1730"]
[BlackElo "1944"]
[EventDate "2019.??.??"]
[PlyCount "90"]

1. d4 c5 2. d5 e5 3. e4 d6 4. Nc3 g6 5. Nf3 Bg7 6. Bd3 a6 7. a4 h6 8. Nd2 
Ne7 9. O-O O-O 10. Nc4 Qc7 11. f4 f6 12. Be3 Nd7 13. Qd2 Kh7 14. a5 exf4 
15. Bxf4 Ne5 16. Nxe5 fxe5 17. Be3 Bd7 18. Na4 Bxa4 19. Rxa4 Rxf1+ 20. 
Bxf1 Ng8 21. Be2 Nf6 22. Bf3 Qd7 23. b3 Ng4 24. Bxg4 Qxg4 25. h3 Qd7 26. 
Qe2 h5 27. Ra1 Rf8 28. Rf1 Rxf1+ 29. Qxf1 Qe7 30. Qf3 Qh4 31. Bf2 Qf4 32. 
Be3 Qh4 33. Bf2 Qe7 34. Be1 Bh6 35. Qd3 Qg5 36. Bg3 Qc1+ 37. Kh2 Be3 38. 
Bxe5 Qg1+ 39. Kg3 Qf2+ 40. Kh2 dxe5 41. Qd1 h4 42. d6 Bf4+ 43. Kh1 Qg3 44.
 Qg1 Qe3 45. Qd1 Qd4 0-1

[Event "Championnat de la Loire 2019-2020"]
[Site "Loire"]
[Date "2019.10.05"]
[Round "3.3"]
[White "Breuil, Tristan"]
[Black "Philip, Sylvain"]
[Result "0-1"]
[WhiteElo "1935"]
[BlackElo "1699"]
[EventDate "2019.??.??"]
[PlyCount "88"]

1. e4 e6 2. d4 d5 3. Nd2 c5 4. exd5 exd5 5. Ndf3 Nf6 6. Bg5 Be7 7. c3 cxd4
8. Nxd4 O-O 9. Qc2 Nc6 10. Ngf3 Re8 11. O-O-O Bg4 12. Qa4 Nxd4 13. Qxd4 
Ne4 14. Be3 Bc5 15. Qa4 Bxe3+ 16. fxe3 Bxf3 17. gxf3 Nf2 18. Bb5 Rxe3 19. 
Rde1 Qg5 20. f4 Qe7 21. Ref1 Nxh1 22. Rxh1 Re1+ 23. Rxe1 Qxe1+ 24. Kc2 
Qe4+ 25. Kd2 Qxa4 26. Bxa4 Kf8 27. Kd3 Ke7 28. Kd4 Ke6 29. Bc2 Rc8 30. Bb3
Kf5 31. Bxd5 Kxf4 32. Bxb7 Rb8 33. Ba6 Rxb2 34. c4 Rxa2 35. Bb7 Rxh2 36. 
c5 Rc2 37. c6 a5 38. Kd5 Rxc6 39. Bxc6 f5 40. Kd4 g5 41. Kd3 Kg3 42. Kd2 
Kf2 43. Bb5 a4 44. Bc4 g4 0-1

[Event "Championnat de la Loire 2019-2020"]
[Site "Loire"]
[Date "2019.10.05"]
[Round "3.4"]
[White "Cursoux, Gerard"]
[Black "Gasmi, Mehdy"]
[Result "0-1"]
[WhiteElo "1819"]
[BlackElo "1199"]
[EventDate "2019.??.??"]
[PlyCount "50"]

1. e4 c5 2. Nf3 d6 3. d4 cxd4 4. Nxd4 Nf6 5. Nc3 a6 6. h3 e6 7. Be3 Be7 8.
 g4 b5 9. a3 Bb7 10. Bg2 Qc7 11. Qd2 Nc6 12. Nxc6 Bxc6 13. g5 Nd7 14. Qd4 
e5 15. Qd2 Nb6 16. Bxb6 Qxb6 17. Nd5 Qa7 18. h4 Bxd5 19. exd5 Rc8 20. c3 
Rc4 21. O-O-O h6 22. f4 Rxf4 23. Rdf1 hxg5 24. hxg5 Rxh1 25. Rxh1 Bxg5 0-1

[Event "Championnat de la Loire 2019-2020"]
[Site "Loire"]
[Date "2019.10.05"]
[Round "3.5"]
[White "Picard, Vincent"]
[Black "Samuel, Christian"]
[Result "1-0"]
[WhiteElo "1713"]
[BlackElo "1734"]
[EventDate "2019.??.??"]
[PlyCount "93"]

1. e4 c5 2. Nf3 d6 3. Bb5+ Bd7 4. Bxd7+ Nxd7 5. O-O Ngf6 6. Re1 Qc7 7. c3 
c4 8. d4 cxd3 9. Qxd3 g6 10. c4 Rc8 11. b3 b5 12. Nbd2 bxc4 13. Nxc4 Bg7 
14. Bb2 O-O 15. Rac1 Nc5 16. Qb1 Qb7 17. e5 Nfe4 18. exd6 exd6 19. Bxg7 
Kxg7 20. b4 d5 21. bxc5 Qxb1 22. Rxb1 Nxc5 23. Ne3 Rcd8 24. Red1 d4 25. 
Rxd4 Rxd4 26. Nxd4 Rd8 27. Nf3 Rd6 28. Rb5 Rc6 29. Nd4 Rc8 30. g3 Nd3 31. 
Rb7 a5 32. Ra7 Rc1+ 33. Kg2 h5 34. Kf3 Rh1 35. h4 Kh6 36. Rxa5 f5 37. Ra6 
Kg7 38. Ne6+ Kf7 39. Nf4 Ne5+ 40. Ke2 Rb1 41. Ra7+ Kg8 42. Ned5 Rb2+ 43. 
Kf1 Ng4 44. Ne7+ Kf8 45. Nexg6+ Ke8 46. Ne6 Rxf2+ 47. Kg1 1-0

[Event "champ Loire 2019 "]
[Site "?"]
[Date "2019.10.05"]
[Round "3.6"]
[White "DORAN, St Just"]
[Black "JOLY, Esse"]
[Result "1-0"]
[WhiteElo "1740"]
[BlackElo "1520"]
[EventDate "2019.11.18"]
[PlyCount "79"]
[SourceDate "2019.12.07"]

1. e4 d6 2. d4 Nf6 3. Nc3 g6 4. Bc4 Bg7 5. Nge2 O-O 6. Bg5 Re8 7. Qd2 Nxe4
8. Nxe4 d5 9. Bd3 dxe4 10. Bxe4 Nc6 11. O-O-O =, quiet a5 12. Bh6 Nb4 13. 
Bxg7 Kxg7 14. Kb1 c6 15. h4 Be6 16. Nf4 Bxa2+ 17. Ka1 Bd5 18. Bxd5 Nxd5 
19. h5 Nxf4 20. Qxf4 Qd6 21. Qe3 Rh8 =, quiet 22. d5 c5 23. Qc3+ f6 24. 
Rde1 Rae8 25. hxg6 hxg6 26. Rxh8 Rxh8 27. Qxa5 Kf7 28. c4 Rh2 29. Re6 Qd7 
30. b3 Rxg2 31. Qxc5 Rg1+ 32. Kb2 Rd1 33. Qe3 Rh1 34. Qe4 Rh2 35. Qe3 Qc7 
36. c5 Rh5?? 37. d6 exd6 38. cxd6 Qc5 39. Re7+ Kg8 40. Qe6+ 1-0

[Event "Championnat de la Loire 2019-2020"]
[Site "Loire"]
[Date "2019.10.05"]
[Round "3.7"]
[White "Piper, Stephane"]
[Black "Breuil, Virgile"]
[Result "0-1"]
[WhiteElo "1438"]
[BlackElo "1594"]
[EventDate "2019.??.??"]
[PlyCount "92"]

1. c4 e5 2. Nc3 Nc6 3. g3 Bc5 4. Bg2 Nf6 5. e3 O-O 6. Nge2 d6 7. a3 a5 8. 
O-O Be6 9. b3 Qd7 10. Bb2 Bh3 11. d3 Bxg2 12. Kxg2 d5 13. cxd5 Nxd5 14. 
Nxd5 Qxd5+ 15. e4 Qd6 16. Nc3 Nd4 17. Ne2 Rad8 18. Nxd4 Bxd4 19. Bxd4 Qxd4
20. Qf3 Qxd3 21. Rfd1 Qxf3+ 22. Kxf3 f6 23. Rac1 c6 24. Kg4 Kf7 25. f4 
exf4 26. gxf4 Rxd1 27. Rxd1 Ke7 28. h4 Rd8 29. Rxd8 Kxd8 30. Kf5 Ke7 31. 
h5 Kf7 32. e5 g6+ 33. hxg6+ hxg6+ 34. Ke4 Ke6 35. exf6 Kxf6 36. b4 axb4 
37. axb4 b6 38. Kd4 Kf5 39. Ke3 c5 40. b5 c4 41. Kd4 Kxf4 42. Kxc4 Ke4 43.
 Kc3 Kd5 44. Kd3 Kc5 45. Ke4 Kxb5 46. Kf4 Kc4 0-1

[Event "Championnat de la Loire 2019-2020"]
[Site "Loire"]
[Date "2019.10.05"]
[Round "3.8"]
[White "Garon, Pierre"]
[Black "Martin, Julien"]
[Result "1-0"]
[WhiteElo "1849"]
[BlackElo "1394"]
[EventDate "2019.??.??"]
[PlyCount "123"]

1. d4 d5 2. Nf3 e6 3. e3 Nf6 4. Bd3 Be7 5. O-O O-O 6. Nbd2 c5 7. b3 cxd4 
8. exd4 Nc6 9. a3 Qc7 10. Bb2 Bd6 11. Re1 Bd7 12. Rc1 Rae8 13. Ne5 Rd8 14.
 c4 dxc4 15. Ndxc4 Na5 16. Nxd6 Qxd6 17. Re2 Nc6 18. Rd2 Ne7 19. Nc4 Qf4 
20. g3 Qh6 21. Ne5 Qh3 22. Bf1 Qh6 23. Rdc2 Nc6 24. Bg2 Nxe5 25. dxe5 Bc6 
26. Qe2 Bxg2 27. Kxg2 Nd7 28. Bd4 b6 29. f4 Rfe8 30. Rc7 Nf8 31. Qe3 Rd7 
32. Rxd7 Nxd7 33. Rc7 Nc5 34. Bxc5 bxc5 35. Qxc5 Qh5 36. Qc2 g5 37. fxg5 
Qxg5 38. Qf2 Qg6 39. Rxa7 Rc8 40. Rd7 Qe4+ 41. Kh3 Qg6 42. Rd4 Qh5+ 43. 
Kg2 Qxe5 44. Qf4 Rc2+ 45. Kh3 Qh5+ 46. Qh4 Qxh4+ 47. Rxh4 Kf8 48. Rb4 Ke7 
49. a4 Kd6 50. g4 e5 51. a5 Ra2 52. Ra4 Rc2 53. a6 Rc8 54. Kg3 Rc3+ 55. 
Kf2 Rc8 56. Ke3 f6 57. h4 Ra8 58. Ke4 Kc5 59. g5 fxg5 60. hxg5 Re8 61. a7 
Ra8 62. Kxe5 1-0

[Event "Championnat de la Loire 2019-2020"]
[Site "Loire"]
[Date "2019.10.05"]
[Round "3.9"]
[White "Turc, Didier"]
[Black "Minchilli, Franco"]
[Result "0-1"]
[WhiteElo "1341"]
[BlackElo "1630"]
[EventDate "2019.??.??"]
[PlyCount "108"]

1. e4 e5 2. Nf3 Nf6 3. Nxe5 d6 4. Nd3 Nxe4 5. Nc3 Bf5 6. Nxe4 Bxe4 7. Qe2 
Qe7 8. f3 Bg6 9. Qxe7+ Bxe7 10. Nb4 O-O 11. Nd5 Bh4+ 12. g3 Re8+ 13. Be2 
Bd8 14. d3 c6 15. Nf4 Bf5 16. b3 Bf6 17. Rb1 Nd7 18. Bb2 Ne5 19. Kf2 a5 
20. g4 Bd7 21. h4 Bd8 22. g5 Bb6+ 23. Kg2 Be3 24. Nh5 d5 25. f4 Ng6 26. 
Kf3 d4 27. c3 c5 28. cxd4 cxd4 29. Ba3 Bc6+ 30. Kg3 Bxh1 31. Rxh1 Rac8 32.
 f5 Nf4 33. Nxf4 Bxf4+ 34. Kxf4 Rxe2 35. h5 Rxa2 36. Be7 Re2 37. f6 b5 38.
 g6 Rc6 39. Kf3 Re3+ 40. Kf4 gxf6 41. gxf7+ Kxf7 42. Bd8 a4 43. bxa4 bxa4 
44. Rb1 a3 45. Rb7+ Ke8 46. Bb6 Rxd3 47. Ke4 Rb3 48. Rb8+ Kd7 49. Rd8+ Ke7
50. Rh8 Rcxb6 51. Rxh7+ Kf8 52. Ra7 Rh3 53. Kxd4 Rxh5 54. Rxa3 Rb4+ 0-1

[Event "Championnat de la Loire 2019-2020"]
[Site "Loire"]
[Date "2019.10.05"]
[Round "3.10"]
[White "Barrandon, Georges"]
[Black "Boeuf, Jeremy"]
[Result "0-1"]
[WhiteElo "1322"]
[BlackElo "1568"]
[EventDate "2019.??.??"]
[PlyCount "108"]

1. d4 d5 2. Nf3 Nf6 3. c4 c6 4. e3 e6 5. c5 Nbd7 6. Nc3 Be7 7. Bd3 O-O 8. 
O-O Qc7 9. g3 e5 10. Bc2 e4 11. Ne1 b6 12. b4 a5 13. Ba3 axb4 14. Bxb4 
bxc5 15. dxc5 Ba6 16. Ne2 Bxc5 17. Bc3 Bc4 18. a4 Rfb8 19. Qd2 Qa7 20. Ng2
Bb3 21. Rfb1 Bxc2 22. Rxb8+ Rxb8 23. Qxc2 Qb6 24. Qd2 Ng4 25. h3 Nge5 26. 
Ne1 Nc4 27. Qd1 Nde5 28. Bd4 Bxd4 29. exd4 Ng6 30. Nc3 Qb2 31. Rb1 Qxc3 
32. Rxb8+ Nf8 33. Rb3 Qa5 34. Rb1 g6 35. Ng2 Ne6 36. Ne3 Nd2 37. Rb2 Nf3+ 
38. Kh1 Nexd4 39. Nc2 Nxc2 40. Rxc2 c5 41. Rc1 c4 42. Rb1 Qa7 43. Kg2 d4 
44. Qc2 Qa8 45. Qb2 Qxa4 46. Qb4 Qxb4 47. Rxb4 c3 48. Rc4 c2 49. Rxc2 Ne1+
50. Kf1 Nxc2 51. Ke2 d3+ 52. Kd2 Kf8 53. f3 exf3 54. Kxd3 Ke7 0-1

[Event "Championnat de la Loire 2019-2020"]
[Site "Loire"]
[Date "2019.10.05"]
[Round "3.11"]
[White "Vier, Serge"]
[Black "Volay, Pascal"]
[Result "1/2-1/2"]
[WhiteElo "1540"]
[BlackElo "1289"]
[EventDate "2019.??.??"]
[PlyCount "80"]

1. d4 d5 2. c4 e6 3. Nc3 Nf6 4. Bg5 Nbd7 5. e3 c6 6. Nf3 Be7 7. Be2 dxc4 
8. Bxc4 Nd5 9. Bxe7 Qxe7 10. e4 N5f6 11. O-O O-O 12. Re1 e5 13. d5 Qd6 14.
 Qc2 cxd5 15. Nxd5 Nxd5 16. Bxd5 Re8 17. Qb3 Qf6 18. Rac1 Nb6 19. Rc7 Re7 
20. Rec1 Rxc7 21. Rxc7 Nxd5 22. Qxd5 Rb8 23. Qxe5 Qxe5 24. Nxe5 Be6 25. a3
f6 26. Nf3 Rd8 27. h3 Rd7 28. Rxd7 Bxd7 29. Nd4 Kf7 30. f4 g6 31. Kf2 h5 
32. h4 a6 33. Ke3 Ke7 34. Nf3 Ke6 35. e5 Kf7 36. exf6 Kxf6 37. Ne5 Bf5 38.
 Nc4 Be6 39. Ne5 Kf5 40. Kd3 Kxf4 1/2-1/2

[Event "Championnat de la Loire 2019-2020"]
[Site "Loire"]
[Date "2019.10.05"]
[Round "3.12"]
[White "Dos Santos, Lilian"]
[Black "Carteron, Olivier"]
[Result "1-0"]
[WhiteElo "1298"]
[BlackElo "1475"]
[EventDate "2019.??.??"]
[PlyCount "59"]

1. e4 e6 2. d4 d5 3. exd5 exd5 4. Bf4 Nf6 5. Bd3 Bd6 6. Bxd6 Qxd6 7. c3 
O-O 8. Ne2 Re8 9. h3 Be6 10. Nd2 c5 11. Nf3 cxd4 12. cxd4 Nc6 13. O-O Rac8
14. Rc1 Qb4 15. Qd2 Qd6 16. a3 Rcd8 17. Qf4 Qxf4 18. Nxf4 Ne4 19. Bb5 Rc8 
20. Bxc6 bxc6 21. b4 Nd6 22. Ne5 Nc4 23. Nxc4 dxc4 24. Nxe6 Rxe6 25. Rxc4 
Rd8 26. Rfc1 Rdd6 27. b5 c5 28. dxc5 Rd8 29. c6 Rc8 30. a4 1-0

[Event "Championnat de la Loire 2019-2020"]
[Site "Loire"]
[Date "2019.10.05"]
[Round "3.13"]
[White "Megnot, Philippe"]
[Black "Mir Hassaine, Eddy"]
[Result "1-0"]
[WhiteElo "1452"]
[BlackElo "1259"]
[EventDate "2019.??.??"]
[PlyCount "109"]

1. e4 Nf6 2. Nc3 d5 3. exd5 Nxd5 4. Nxd5 Qxd5 5. Nf3 e5 6. d3 Bg4 7. Be2 
Nc6 8. Be3 Bd6 9. h3 Bf5 10. O-O Nd4 11. Nxd4 exd4 12. Bg5 Bxh3 13. Bf3 
Qxg5 14. Re1+ Be5 15. Qe2 f6 16. Bxb7 Rb8 17. Bc6+ Ke7 18. c3 Kf7 19. Bd5+
Kf8 20. cxd4 Rd8 21. Bf3 Rxd4 22. Qc2 g6 23. Qc5+ Rd6 24. d4 Bxd4 25. Qxc7
Bxf2+ 26. Kxf2 Rd2+ 27. Re2 Qh4+ 28. Kf1 Rxe2 29. Kxe2 Bg4 30. Rd1 Bxf3+ 
31. gxf3 f5 32. Rd8+ Qxd8 33. Qxd8+ Kg7 34. Qc7+ Kh6 35. Qxa7 Re8+ 36. Kf2
Rc8 37. b4 Rc2+ 38. Kg3 Kg5 39. Qe7+ Kh6 40. b5 Rxa2 41. b6 Rb2 42. b7 Rb1
43. Qf8+ Kg5 44. b8=Q Rxb8 45. Qxb8 h5 46. f4+ Kf6 47. Qg8 h4+ 48. Kxh4 
g5+ 49. Qxg5+ Kf7 50. Qxf5+ Kg7 51. Qg5+ Kf7 52. f5 Ke8 53. Qg7 Kd8 54. f6
Ke8 55. Qe7# 1-0

[Event "Championnat de la Loire 2019-2020"]
[Site "Loire"]
[Date "2019.10.05"]
[Round "3.14"]
[White "Boeuf, Jean-Julien"]
[Black "Choquelle, Jean"]
[Result "1-0"]
[WhiteElo "1451"]
[BlackElo "1120"]
[EventDate "2019.??.??"]
[PlyCount "23"]

1. e4 e5 2. f4 Nc6 3. Bc4 Nf6 4. Nc3 Bc5 5. Nf3 d6 6. Na4 Bb4 7. c3 exf4 
8. cxb4 Nxb4 9. Bxf7+ Kxf7 10. Qb3+ Be6 11. Ng5+ Ke7 12. Qxe6+ 1-0

[Event "Championnat de la Loire 2019-2020"]
[Site "Loire"]
[Date "2019.10.05"]
[Round "3.15"]
[White "Poyet, Louis"]
[Black "Trottet, Francois"]
[Result "1-0"]
[WhiteElo "1219"]
[BlackElo "1450"]
[EventDate "2019.??.??"]
[PlyCount "49"]

1. e4 c5 2. c3 e5 3. d4 cxd4 4. cxd4 exd4 5. Qxd4 Nc6 6. Qd1 Be7 7. Nf3 
Qc7 8. Bd3 Nf6 9. O-O O-O 10. Nc3 Ne5 11. Bf4 d6 12. Rc1 Nxd3 13. Qxd3 Ng4
14. Nd5 Qd8 15. Rc7 Re8 16. Nxe7+ Rxe7 17. Qxd6 Qxd6 18. Bxd6 Rxe4 19. Ng5
Ne5 20. Nxe4 Nd3 21. Re7 Bf5 22. Ng3 Bg6 23. Rxb7 h6 24. Rb8+ Rxb8 25. 
Bxb8 1-0

[Event "Championnat de la Loire 2019-2020"]
[Site "Loire"]
[Date "2019.10.05"]
[Round "3.16"]
[White "Fanget, Guy"]
[Black "Calderon-Fernandez, Gerard"]
[Result "1-0"]
[WhiteElo "1290"]
[BlackElo "1260"]
[EventDate "2019.??.??"]
[PlyCount "102"]

1. d4 g6 2. c4 Bg7 3. Nf3 c5 4. e3 Nc6 5. Nc3 cxd4 6. exd4 d6 7. Be3 e6 8.
 Be2 Nge7 9. Qd2 Nf5 10. O-O Nxe3 11. fxe3 b6 12. Rac1 Bb7 13. a3 Ne7 14. 
d5 Bxc3 15. Qxc3 Kd7 16. Ng5 Qe8 17. Nxf7 Rf8 18. Qg7 Rg8 19. Qxh7 exd5 
20. Bg4+ Kc7 21. cxd5+ Kb8 22. Nxd6 Qd8 23. Nxb7 Kxb7 24. Bf3 Kb8 25. d6 
Qxd6 26. Bxa8 Kxa8 27. Rf7 Re8 28. Qh3 Qe5 29. Rc8+ Nxc8 30. Qf3+ Qe4 31. 
Qxe4+ Rxe4 32. Kf2 Re6 33. Kf3 Nd6 34. Rf8+ Kb7 35. g4 Nc4 36. e4 Nxb2 37.
 g5 Nc4 38. Rf6 Rc6 39. Rf8 Nxa3 40. h4 Nb5 41. Kf4 Nd4 42. Ke5 Nb5 43. 
Rf6 a5 44. h5 gxh5 45. g6 Rxf6 46. Kxf6 Nc7 47. Kf7 Na8 48. Ke6 a4 49. g7 
a3 50. g8=Q a2 51. Qg7+ Ka6 1-0

[Event "Championnat de la Loire 2019-2020"]
[Site "Loire"]
[Date "2019.10.05"]
[Round "3.17"]
[White "Soubeyran, Emilie"]
[Black "Acikgoz, Tuncay"]
[Result "0-1"]
[WhiteElo "1199"]
[BlackElo "1788"]
[EventDate "2019.??.??"]
[PlyCount "52"]

1. e4 e5 2. Nf3 Nc6 3. Bc4 Bc5 4. c3 Nf6 5. d4 exd4 6. e5 d5 7. Bb5 Ne4 8.
 O-O dxc3 9. bxc3 O-O 10. Be3 Bxe3 11. fxe3 Bg4 12. Bxc6 bxc6 13. Qd4 c5 
14. Qa4 Bxf3 15. Rxf3 Rb8 16. Qc2 Qh4 17. Na3 Rb6 18. Rh3 Qg5 19. g3 Qxe3+
20. Kf1 h6 21. Qe2 Qxc3 22. Nc2 Nd2+ 23. Kf2 Qxc2 24. g4 Rb2 25. Qd1 Ne4+ 
26. Ke1 Qf2# 0-1

[Event "Championnat de la Loire 2019-2020"]
[Site "Loire"]
[Date "2019.10.05"]
[Round "3.18"]
[White "Nunes Soubeyran, Emma"]
[Black "Libiszewski, Christian"]
[Result "0-1"]
[WhiteElo "1099"]
[BlackElo "1301"]
[EventDate "2019.??.??"]
[PlyCount "92"]

1. e4 e6 2. Nf3 d5 3. Bb5+ Bd7 4. Nc3 Bxb5 5. Nxb5 c6 6. Nc3 Nd7 7. d3 h6 
8. Bf4 Ne7 9. O-O Ng6 10. Bg3 Nf6 11. Ne5 Nxe5 12. Bxe5 Bd6 13. Bd4 e5 14.
 Be3 d4 15. Bd2 dxc3 16. Bxc3 O-O 17. Qf3 Qe7 18. Qg3 Bb4 19. d4 Nxe4 20. 
Qf3 Nxc3 21. bxc3 Bd6 22. Rfe1 Rfe8 23. Qg4 Qg5 24. Qxg5 hxg5 25. Re3 exd4
26. Rh3 dxc3 27. Rh5 f6 28. g3 Re2 29. Rd1 Rd8 30. Kf1 Rxc2 31. Rd4 Be7 
32. Rg4 Bc5 33. Kg2 Rxf2+ 34. Kh3 Rdd2 35. Rc4 Rxh2+ 36. Kg4 Rxh5 37. Kxh5
b6 38. Kg6 c2 39. a4 Ba3 40. Re4 Rd8 41. Re6 c1=Q 42. Re2 Kf8 43. Rh2 c5 
44. Rh8+ Ke7 45. Rh7 Qc2+ 46. Kh5 Qxh7+ 0-1

[Event "Championnat de la Loire 2019-2020"]
[Site "Loire"]
[Date "2019.10.05"]
[Round "3.19"]
[White "Calop, Victor"]
[Black "Nunes Soubeyran, Tom"]
[Result "1-0"]
[WhiteElo "1199"]
[BlackElo "1009"]
[EventDate "2019.??.??"]
[PlyCount "69"]

1. e4 e5 2. Nf3 Nc6 3. d4 exd4 4. Nxd4 Nxd4 5. Qxd4 c5 6. Qc4 d6 7. Bf4 
Be6 8. Qb5+ Bd7 9. Qxb7 Be7 10. Nc3 Rb8 11. Qxa7 Rxb2 12. Bd3 Bg5 13. Bxd6
Bh6 14. Bxc5 Qg5 15. Qa8+ Qd8 16. Qxd8+ Kxd8 17. O-O Bd2 18. Bd4 Nf6 19. 
Nd5 Nxd5 20. Bxb2 Nb4 21. Bxg7 Rg8 22. Bf6+ Ke8 23. Rab1 Be6 24. a3 Nxd3 
25. Rb8+ Bc8 26. Rxc8+ Kd7 27. Rxg8 Ke6 28. cxd3 Kxf6 29. d4 Bf4 30. Re8 
Bd6 31. e5+ Kf5 32. exd6 h5 33. Re5+ Kg4 34. Rfe1 h4 35. R1e4# 1-0

[Event "Championnat de la Loire 2019-2020"]
[Site "Loire"]
[Date "2019.10.05"]
[Round "3.20"]
[White "Poncet, Baptiste"]
[Black "Mialon, Franck"]
[Result "1-0"]
[WhiteElo "1028"]
[BlackElo "1257"]
[EventDate "2019.??.??"]
[PlyCount "49"]

1. e4 e5 2. Nf3 Nc6 3. Bc4 Nf6 4. Nc3 Bc5 5. O-O O-O 6. d3 d6 7. h3 Bd7 8.
 Ne2 Qc8 9. Ng5 h6 10. Bxf7+ Rxf7 11. Nxf7 Kxf7 12. Re1 Bxh3 13. c3 Qg4 
14. g3 Qf3 15. Nf4 exf4 16. Qxf3 Ne5 17. Qxf4 Ng4 18. d4 Bb6 19. e5 dxe5 
20. Qf3 Rf8 21. Re2 Kg8 22. Be3 exd4 23. Bxd4 Bxd4 24. cxd4 Nh5 25. Qd5+ 
1-0

[Event "Championnat de la Loire 2019-2020"]
[Site "Loire"]
[Date "2019.10.05"]
[Round "3.21"]
[White "Zaouak, Fahim"]
[Black "Iobagiu, Christina"]
[Result "1-0"]
[WhiteElo "1613"]
[BlackElo "1199"]
[EventDate "2019.??.??"]
[PlyCount "29"]

1. d4 d5 2. e3 e6 3. f4 c6 4. Nf3 Be7 5. Bd3 Nf6 6. O-O O-O 7. Nbd2 Bd7 8.
 Ne5 Qc7 9. g4 h5 10. g5 Nh7 11. Bxh7+ Kxh7 12. Qxh5+ Kg8 13. Rf3 f6 14. 
g6 fxe5 15. Qh7# 1-0

[Event "Championnat de la Loire 2019-2020"]
[Site "Loire"]
[Date "2019.10.05"]
[Round "3.23"]
[White "Astar, Valentin"]
[Black "Drevet, Melvin"]
[Result "0-1"]
[WhiteElo "1178"]
[BlackElo "1107"]
[EventDate "2019.??.??"]
[PlyCount "50"]

1. e4 e5 2. Nf3 Nc6 3. Bc4 h6 4. Nc3 Bc5 5. d3 d6 6. Bd2 Bg4 7. h3 Bh5 8. 
Nd5 Nge7 9. Qe2 Bxf3 10. gxf3 Nxd5 11. Bxd5 Nd4 12. Qd1 Qh4 13. Be3 Nxc2+ 
14. Qxc2 Bxe3 15. Rf1 Bc5 16. Qb3 O-O 17. Rc1 c6 18. Qxb7 cxd5 19. Qxd5 
Rfb8 20. b3 Rc8 21. Rc4 Qxh3 22. Qb7 Qxf3 23. b4 Qxd3 24. Rc1 Bxb4+ 25. 
Qxb4 Rxc1# 0-1